000
00291nam a2200109Ia 4500
008
230907s9999||||xx |||||||||||||| ||und||
082
_a
6.37
_b
SON
245
0
_a
Image Processing, Analysis And Machine Vision /
260
_a
Cengage Learning,
_b
Delhi :
_c
2017
300
_a
870 p.
942
_c
BK
999
_c
598877
_d
598877